Sortiment viniča a veková štruktúra vinohradov na Slovensku

Bibliographic Details
Main Authors: Hrdina, František (Author), demovič, Ervín (Author)
Format: Article
Language:Slovak
PhysicalDescription:Tb. 5.
Subjects:

MARC

LEADER 00000nab a2200000 a 4500
001 vtls000228744
003 SK-MaSNL
005 20260305034802.0
008 111130c1985 xo 0 slo
015 |a SNBRB19rr/mm-uuuuu 
035 |a CL0238858 
040 |a SNKBUCL  |b slo  |c SNKBUCL  |e AACR2 
041 0 |a slo 
044 |a xo  |c SK 
080 |a 634.8.047  |2 1981 
100 1 |a Hrdina, František  |4 aut  |9 6115 
245 1 0 |a Sortiment viniča a veková štruktúra vinohradov na Slovensku  |c František Hrdina ; Ervín Demovič 
300 |b Tb. 5. 
650 0 7 |a vinič hroznorodý  |2 snkbucl  |9 15944 
650 0 7 |a vinice  |2 snkbucl 
655 7 |a články z novín a časopisov  |2 snkbucl  |9 267496 
700 1 |a demovič, Ervín  |4 aut  |9 1169078 
773 0 |t Vinohrad  |g Roč. 23, č. 10 (1985), s. 218-220 
850 |a Slovenská národná knižnica v Martine  |a MTA001 
852 |a SNK  |b KIS3GCP 
958 |a RK 
992 |a RBX 
999 |c 3330713  |d 3332643